Über die räumliche umgrenzung des notariellen wirkungskreises und zwar auf dem festen lande, dem wasser und im luftraum (Record no. 117889)
[ view plain ]
| 000 -LEADER | |
|---|---|
| campo de control de longitud fija | 00748nam a2200193 i 4500 |
| 001 - NÚMERO DE CONTROL | |
| campo de control | 117889 |
| 003 - IDENTIFICADOR DE NÚMERO DE CONTROL | |
| campo de control | ES-MaACL |
| 005 - FECHA Y HORA DE LA ÚLTIMA TRANSACCIÓN | |
| campo de control | 20250827030515.0 |
| 007 - CAMPO FIJO DE DESCRIPCIÓN FÍSICA--INFORMACIÓN GENERAL | |
| campo de control de longitud fija | t| |
| 008 - DATOS DE LONGITUD FIJA--INFORMACIÓN GENERAL | |
| campo de control de longitud fija | 070214s1901 au r ||||1| ger d |
| 100 1# - ENTRADA PRINCIPAL--NOMBRE DE PERSONA | |
| Nombre de persona | Pappafava, Vladimir. |
| 9 (RLIN) | 88882 |
| 245 10 - MENCIÓN DEL TÍTULO | |
| Título | Über die räumliche umgrenzung des notariellen wirkungskreises und zwar auf dem festen lande, dem wasser und im luftraum |
| Resto del título | : Das notariat und internationales recht betreffende fragen / |
| Mención de responsabilidad, etc. | von Vladimir Pappafava ; (übersetzung von M. Leesberg). |
| 260 ## - PUBLICACIÓN, DISTRIBUCIÓN, ETC. | |
| Lugar de publicación, distribución, etc. | Innsbruck : |
| Nombre del editor, distribuidor, etc. | Wagner, |
| Fecha de publicación, distribución, etc. | 1901. |
| 300 ## - DESCRIPCIÓN FÍSICA | |
| Extensión | 114 p. ; |
| Dimensiones | 24 cm. |
| 650 07 - PUNTO DE ACCESO ADICIONAL DE MATERIA--TÉRMINO DE MATERIA | |
| Término de materia o nombre geográfico como elemento de entrada | Notariado |
| Fuente del encabezamiento o término | embne |
| 9 (RLIN) | 15597 |
| 650 07 - PUNTO DE ACCESO ADICIONAL DE MATERIA--TÉRMINO DE MATERIA | |
| Término de materia o nombre geográfico como elemento de entrada | Derecho aeronáutico |
| Fuente del encabezamiento o término | embne |
| 9 (RLIN) | 11648 |
| 852 ## - LOCALIZACIÓN | |
| Ubicación | ES-MaACL |
| Número de control de estantería | T-979-F-9 |
| Estatus retirado | Estado de pérdida | Estado de daño | No para préstamo | Colección | Biblioteca de origen | Biblioteca actual | Ubicación en estantería | Fecha de adquisición | Fuente de adquisición | Total de préstamos | Signatura topográfica completa | Código de barras | Visto por última vez | Precio de reemplazo | Tipo de ítem Koha |
|---|---|---|---|---|---|---|---|---|---|---|---|---|---|---|---|
| Colección de folletos | Biblioteca del Ateneo de Madrid | Biblioteca del Ateneo de Madrid | Depósito folletos | 17/01/2008 | T-979-F-9 | 1122904 | 23/02/2023 | 23/02/2023 | Folleto |
